[Event "Chess Attack-serien Eliteserien 2010-2011"]
[Site "Haraldsheim, Oslo"]
[Date "2011.04.02"]
[Round "8"]
[White "Gabrielsen, Stig"]
[Black "Solem, Trond"]
[Result "0-1"]
[WhiteElo "2271"]
[BlackElo "2115"]
[PlyCount "82"]
[EventDate "2010.??.??"]

1. e4 c6 2. Nc3 d5 3. Nf3 Bg4 4. h3 Bh5 5. g4 dxe4 6. gxh5 exf3 7. Qxf3 e6 8.
Rg1 Nd7 9. b3 Qf6 10. Qg3 Nh6 11. Bb2 Nf5 12. Qc7 Nc5 13. O-O-O Bd6 14. Ne4
Bxc7 15. Nxf6+ gxf6 16. Bxf6 Rf8 17. Re1 Bd8 18. Bb2 Be7 19. d4 Nd7 20. Bd3 Nh4
21. Rg7 h6 22. f4 Nf6 23. f5 Nxh5 24. Rg4 Bg5+ 25. Kb1 Kd7 26. fxe6+ fxe6 27.
c4 Rf4 28. d5 exd5 29. cxd5 Rxg4 30. hxg4 Nf4 31. dxc6+ bxc6 32. Be4 Nd5 33.
Rd1 Kd6 34. a3 Re8 35. Bh1 Re3 36. b4 Ke6 37. Rc1 Kd6 38. Rd1 Nf3 39. Bc1 Rc3
40. Bb2 Nd2+ 41. Ka2 Rc2 
0-1

[Event "Chess Attack-serien Eliteserien 2010-2011"]
[Site "Haraldsheim, Oslo"]
[Date "2011.04.02"]
[Round "8"]
[White "Glenne, Bjørn Erik"]
[Black "Nilsen, Joachim B."]
[Result "0-1"]
[WhiteElo "2106"]
[BlackElo "2194"]
[PlyCount "106"]
[EventDate "2010.??.??"]

1. d4 Nf6 2. c4 g6 3. Nc3 Bg7 4. e4 d6 5. f4 O-O 6. Nf3 Na6 7. Bd3 Bg4 8. Be3
Nd7 9. O-O e5 10. fxe5 c5 11. Qd2 Bxf3 12. Rxf3 cxd4 13. Bxd4 Nxe5 14. Bxe5
Bxe5 15. Raf1 Nc7 16. h4 Qxh4 17. Rh3 Qe7 18. Kf2 Qf6+ 19. Ke1 Bxc3 20. bxc3
Qg7 21. Rfh1 Ne6 22. Be2 Nc5 23. Bf3 Rae8 24. Qh6 Nxe4 25. Bxe4 Rxe4+ 26. Kd2
Rxc4 27. Qxh7+ Qxh7 28. Rxh7 Rfc8 29. g4 R8c5 30. Rh8+ Kg7 31. R8h7+ Kf8 32.
Rf1 Rc7 33. g5 Rg4 34. Rf6 Rxg5 35. Rxd6 Ke7 36. Rd3 Rg2+ 37. Kd1 Rxa2 38. Re3+
Kd6 39. Rf3 Kd5 40. Rfxf7 Rxf7 41. Rxf7 b5 42. Rf6 Kc4 43. Rxg6 Kxc3 44. Rg3+
Kb4 45. Kc1 a5 46. Kb1 Rf2 47. Rg5 a4 48. Rh5 a3 49. Rh4+ Ka5 50. Rh5 Ka4 51.
Rh3 b4 52. Rg3 Rf1+ 53. Ka2 b3+ 
0-1

[Event "Chess Attack-serien Eliteserien 2010-2011"]
[Site "Haraldsheim, Oslo"]
[Date "2011.04.02"]
[Round "8"]
[White "Grønn, Atle"]
[Black "Østmoe, Geir Sune Tallaksen"]
[Result "1/2-1/2"]
[WhiteElo "2384"]
[BlackElo "2402"]
[PlyCount "82"]
[EventDate "2010.??.??"]

1. Nf3 Nf6 2. d4 c5 3. d5 b5 4. Bg5 Ne4 5. Bf4 Bb7 6. Qd3 f5 7. a4 Qa5+ 8. Nc3
c4 9. Qd4 Na6 10. Bd2 Nxc3 11. bxc3 bxa4 12. e3 Bxd5 13. Bxc4 e6 14. Bxd5 Qxd5
15. Qxd5 exd5 16. Rxa4 Nc5 17. Ra5 d6 18. Nd4 g6 19. Nb5 Kd7 20. Ke2 a6 21. Nd4
Rb8 22. Rha1 Bg7 23. R1a3 Rhc8 24. Nb3 Nxb3 25. Rxb3 Rxb3 26. cxb3 Rc6 27. Kd3
Ke6 28. Ra4 Rb6 29. Kc2 h5 30. h4 Bf6 31. Bc1 Rc6 32. Bb2 Rb6 33. Ba3 Rc6 34.
Bb2 Rb6 35. g3 Be5 36. Ba3 Rc6 37. Bb2 Rb6 38. Ra3 Rc6 39. Kd3 Bf6 40. Ra4 Rb6
41. Kc2 Ke5 
1/2-1/2

[Event "Chess Attack-serien Eliteserien 2010-2011"]
[Site "Haraldsheim, Oslo"]
[Date "2011.04.02"]
[Round "8"]
[White "Berg, Emanuel"]
[Black "Lie, Kjetil A."]
[Result "0-1"]
[WhiteElo "2576"]
[BlackElo "2515"]
[PlyCount "76"]
[EventDate "2010.??.??"]

1. e4 c5 2. Nf3 Nc6 3. d4 cxd4 4. Nxd4 g6 5. Nc3 Bg7 6. Be3 Nf6 7. Bc4 Qa5 8.
O-O O-O 9. Nb3 Qc7 10. Bg5 a6 11. Be2 b5 12. a4 Rb8 13. axb5 axb5 14. Nxb5 Qe5
15. Bxf6 Qxf6 16. Nc3 d6 17. Bb5 Ne5 18. f4 Ng4 19. Qe1 Be6 20. Rd1 Rxb5 21.
Nxb5 Bc4 22. Nc3 Bxf1 23. Qg3 Bc4 24. Qxg4 Rb8 25. Nd4 h5 26. Qf3 Rxb2 27. g3
Qxd4+ 28. Rxd4 Bxd4+ 29. Kh1 e5 30. Nd5 Rxc2 31. fxe5 Rf2 32. exd6 Rxf3 33. d7
Rf1+ 34. Kg2 Rf2+ 35. Kh3 Bb6 36. Nxb6 Be6+ 37. Kh4 Rxh2+ 38. Kg5 Rd2 
0-1

[Event "Chess Attack-serien Eliteserien 2010-2011"]
[Site "Haraldsheim, Oslo"]
[Date "2011.04.02"]
[Round "8"]
[White "Lie, Espen"]
[Black "Johannessen, Leif E"]
[Result "1/2-1/2"]
[WhiteElo "2441"]
[BlackElo "2497"]
[PlyCount "141"]
[EventDate "2010.??.??"]

1. e4 Nf6 2. e5 Nd5 3. d4 d6 4. Nf3 dxe5 5. Nxe5 c6 6. Nd2 Nd7 7. Ndf3 Nxe5 8.
Nxe5 g6 9. Bc4 Be6 10. O-O Bg7 11. Qe2 O-O 12. Rd1 Qc7 13. Bb3 Rad8 14. c4 Nf6
15. Bg5 c5 16. d5 Bf5 17. g4 Ne4 18. Bf4 Bxe5 19. gxf5 Bxf4 20. Qxe4 Qe5 21.
Qxe5 Bxe5 22. Bc2 Kg7 23. Rab1 Bd6 24. Kg2 Kf6 25. fxg6 hxg6 26. Rd3 Rh8 27.
Rf3+ Kg7 28. h3 Rh4 29. b3 Rdh8 30. Re1 R8h5 31. Re4 Rg5+ 32. Kf1 Rxe4 33. Bxe4
Bh2 34. d6 Rg1+ 35. Ke2 Bxd6 36. Bxb7 Ra1 37. a4 Ra2+ 38. Kf1 a5 39. Re3 Rb2
40. Bf3 Kf6 41. Be2 Be5 42. Rf3+ Ke6 43. Re3 Kd6 44. h4 Bd4 45. Rf3 Ke6 46. Bd3
f5 47. h5 Kf6 48. hxg6 e6 49. Be2 Kxg6 50. Rg3+ Kf6 51. f4 Kf7 52. Rh3 Bg7 53.
Ke1 Bf8 54. Rh7+ Kg6 55. Ra7 Bg7 56. Ra6 Bc3+ 57. Kf1 Kf6 58. Bh5 Bd2 59. Bd1
Bxf4 60. Rxa5 Be3 61. Ra8 e5 62. a5 e4 63. a6 Ra2 64. a7 Kg7 65. Bh5 f4 66. Re8
Ra1+ 67. Kg2 Rxa7 68. Rxe4 Ra3 69. Re7+ Kf6 70. Rb7 Kg5 71. Be2 
1/2-1/2

[Event "Chess Attack-serien Eliteserien 2010-2011"]
[Site "Haraldsheim, Oslo"]
[Date "2011.04.02"]
[Round "8"]
[White "Lahlum, Hans O."]
[Black "Trygstad, Kristian D."]
[Result "0-1"]
[WhiteElo "2211"]
[BlackElo "2329"]
[PlyCount "120"]
[EventDate "2010.??.??"]

1. d4 f5 2. Bg5 h6 3. Bh4 g5 4. e3 Nf6 5. Bg3 d6 6. Nc3 e6 7. f3 Qe7 8. e4 f4
9. Bf2 Nc6 10. Qd2 e5 11. d5 Nd8 12. g3 Nf7 13. Bb5+ Kd8 14. O-O-O a6 15. Bd3
h5 16. Kb1 Bh6 17. Qe1 Bd7 18. Nce2 Qf8 19. c4 b6 20. gxf4 exf4 21. Bd4 Ne5 22.
Qf2 Qe7 23. Bxe5 dxe5 24. h3 Bf8 25. Nc3 Qc5 26. Qd2 Bd6 27. Nge2 b5 28. cxb5
axb5 29. Nc1 b4 30. N3e2 Ke7 31. Bc2 Qa7 32. Bb3 g4 33. Nd3 gxf3 34. Nexf4 Nxe4
35. Qe1 Bf5 36. Qh4+ Kd7 37. Ne6 Kc8 38. Ng7 Bh7 39. Ka1 Qe3 40. Rhe1 Qh6 41.
Rxe4 Bxe4 42. Qxe4 Qxg7 43. Qxf3 Rf8 44. Qxh5 e4 45. Nc1 Ra5 46. Ne2 Be5 47.
Qh4 Bxb2+ 48. Kb1 Ba3 49. Nd4 Qg2 50. Qg4+ Qxg4 51. hxg4 Rf2 52. Rg1 Rb2+ 53.
Ka1 Rc5 54. Ne6 Rg2 55. Re1 Rc1+ 56. Rxc1 Bxc1 57. Kb1 Ba3 58. g5 e3 59. Nf4
Rb2+ 60. Ka1 Rf2 
0-1

[Event "Chess Attack-serien Eliteserien 2010-2011"]
[Site "Haraldsheim, Oslo"]
[Date "2011.04.02"]
[Round "8"]
[White "Hobber, Anders"]
[Black "Stubberud, Ørnulf"]
[Result "1/2-1/2"]
[WhiteElo "2093"]
[BlackElo "2314"]
[PlyCount "67"]
[EventDate "2010.??.??"]

1. d4 Nf6 2. Nf3 g6 3. Nc3 Bg7 4. e4 d6 5. Be3 c6 6. Bd3 O-O 7. Qd2 b5 8. Bh6
Bg4 9. O-O-O Nbd7 10. Ne2 e5 11. dxe5 dxe5 12. Bg5 Qb6 13. Ng3 Rfe8 14. Kb1
Rac8 15. h3 Be6 16. Bxf6 Nxf6 17. Nxe5 Nxe4 18. Nxe4 Bxe5 19. h4 Qd4 20. c3 Qd5
21. b3 b4 22. h5 f5 23. Ng5 Bxc3 24. Qc2 Bf6 25. Nxe6 Qe5 26. Nd4 Kg7 27. Bxf5
Rcd8 28. f4 Qxf4 29. Bxg6 Rxd4 30. Bxe8 Qe5 31. Rxd4 Qxd4 32. Kc1 Bg5+ 33. Kb1
Bf6 34. Kc1 
1/2-1/2

[Event "Chess Attack-serien Eliteserien 2010-2011"]
[Site "Haraldsheim, Oslo"]
[Date "2011.04.02"]
[Round "8"]
[White "Johansen, Terje"]
[Black "Ulrichsen, Jarl H"]
[Result "1-0"]
[WhiteElo "2193"]
[BlackElo "2121"]
[PlyCount "135"]
[EventDate "2010.??.??"]

1. d4 Nf6 2. c4 e6 3. Nc3 d5 4. cxd5 exd5 5. Bg5 Be7 6. e3 c6 7. Bd3 Bg4 8. f3
Bh5 9. Nge2 Bg6 10. O-O O-O 11. Ng3 Ne8 12. Bf4 Bf6 13. Nce2 Nc7 14. Qb3 Bxd3
15. Qxd3 Ne6 16. Rad1 Nxf4 17. Nxf4 g6 18. e4 Na6 19. e5 Bg5 20. Nge2 Nc7 21.
Qb3 Rb8 22. Nd3 Be7 23. f4 f5 24. exf6 Bxf6 25. Ne5 Bxe5 26. dxe5 Ne6 27. g4
Qh4 28. Qg3 Qxg3+ 29. hxg3 Rbe8 30. Kg2 Re7 31. Nc3 Ng7 32. Rf2 Ne8 33. Rdd2
Ng7 34. Nd1 Ne6 35. Nc3 Ng7 36. Rde2 Ree8 37. Kh3 Re7 38. Rd2 Ree8 39. Kh4 Re7
40. Nd1 Ree8 41. Ne3 Re7 42. Kh3 h6 43. Ng2 Ne6 44. Kh2 Nc5 45. Nh4 Kh7 46.
Rfe2 Ne4 47. Rd4 Rc8 48. Kg2 a5 49. Kf3 b5 50. Rexe4 dxe4+ 51. Kxe4 c5 52. Rd2
c4 53. f5 b4 54. f6 c3 55. bxc3 bxc3 56. Rc2 Rd7 57. Nf3 Rc4+ 58. Ke3 Rc6 59.
g5 hxg5 60. Nxg5+ Kh6 61. e6 Kxg5 62. exd7 Re6+ 63. Kd4 Rd6+ 64. Ke5 Rxd7 65.
Rxc3 Rd2 66. Ke6 Re2+ 67. Kf7 Rxa2 68. Kg7 
1-0

[Event "Chess Attack-serien Eliteserien 2010-2011"]
[Site "Haraldsheim, Oslo"]
[Date "2011.04.02"]
[Round "8"]
[White "Stojanovic, Mihajlo"]
[Black "Harestad, Hans K"]
[Result "1-0"]
[WhiteElo "2187"]
[BlackElo "2253"]
[PlyCount "65"]
[EventDate "2010.??.??"]

1. d4 d5 2. c4 c6 3. Nc3 dxc4 4. e4 b5 5. a4 b4 6. Na2 Nf6 7. e5 Nd5 8. Bxc4 e6
9. Nf3 Ba6 10. Qd3 Qb6 11. Bd2 c5 12. dxc5 Bxc5 13. O-O Bxc4 14. Qxc4 Nd7 15.
Qg4 g6 16. Bh6 Bf8 17. Bxf8 Kxf8 18. Nc1 Kg7 19. Ne2 Rhc8 20. Nf4 Rc5 21. Rad1
Nxf4 22. Qxf4 Qc7 23. Rfe1 a5 24. h4 h5 25. Ng5 Nf8 26. Rd6 Rc8 27. b3 Rc1 28.
Qf6+ Kg8 29. Rxc1 Qxc1+ 30. Kh2 Qc7 31. Rd4 Nh7 32. Nxh7 Qa7 33. Ng5 
1-0

[Event "Chess Attack-serien Eliteserien 2010-2011"]
[Site "Haraldsheim, Oslo"]
[Date "2011.04.02"]
[Round "8"]
[White "Leer-Salvesen, Bjarte"]
[Black "Madsen, Dag"]
[Result "1/2-1/2"]
[WhiteElo "2330"]
[BlackElo "2191"]
[PlyCount "128"]
[EventDate "2010.??.??"]

1. c4 c5 2. g3 Nf6 3. Bg2 d5 4. cxd5 Nxd5 5. Nc3 Nc7 6. Qa4+ Qd7 7. Qxd7+ Nxd7
8. Nf3 e5 9. e3 Bd6 10. d4 cxd4 11. exd4 exd4 12. Nxd4 O-O 13. O-O Nf6 14. Bg5
Be5 15. Nb3 Ne6 16. Be3 Ng4 17. Bd2 Nd4 18. h3 Nf6 19. Rfe1 Nxb3 20. axb3 Bd4
21. Nb5 Bb6 22. Be3 Be6 23. Bxb6 axb6 24. Rxa8 Rxa8 25. Nc7 Rc8 26. Nxe6 Re8
27. Bxb7 Rxe6 28. Rxe6 fxe6 29. Kf1 Kf7 30. Ke2 Ke7 31. Ke3 e5 32. f4 Kd6 33.
f5 Nd7 34. b4 Nf6 35. g4 g5 36. fxg6 hxg6 37. g5 Nd5+ 38. Kf3 Nf4 39. h4 Nd5
40. b3 Nf4 41. Be4 Ke6 42. Ke3 Nd5+ 43. Kd2 Ne7 44. Bg2 Kd6 45. Be4 Ke6 46. Bg2
Kd6 47. Bf3 Nf5 48. h5 Nd4 49. Bd1 gxh5 50. Bxh5 Ke6 51. Bg4+ Kf7 52. Bh5+ Ke6
53. Bg4+ Kf7 54. Kd3 Kg6 55. Ke4 Kxg5 56. Kxe5 Nxb3 57. Be6 Nd2 58. Bd5 Nb1 59.
Be4 Nc3 60. Kd4 Ne2+ 61. Kc4 Kf6 62. Bf3 Nf4 63. Kb5 Nd3 64. Kxb6 Nxb4 
1/2-1/2

[Event "Chess Attack-serien Eliteserien 2010-2011"]
[Site "Haraldsheim, Oslo"]
[Date "2011.04.02"]
[Round "8"]
[White "Kolås, Tore"]
[Black "Astrup, Kim Chr."]
[Result "1-0"]
[WhiteElo "2130"]
[BlackElo "2236"]
[PlyCount "55"]
[EventDate "2010.??.??"]

1. e4 d6 2. d4 Nf6 3. Nc3 g6 4. Be3 c6 5. Qd2 b5 6. Bd3 Nbd7 7. Nf3 e5 8. h3
Bb7 9. dxe5 dxe5 10. O-O Bg7 11. Ne2 Qe7 12. a4 a6 13. axb5 cxb5 14. Ng3 Nc5
15. Bxc5 Qxc5 16. Ra5 Rd8 17. Qe2 Nd7 18. c4 Qb6 19. b4 bxc4 20. Bxc4 Qxb4 21.
Qa2 Qe7 22. Rb1 Bc8 23. Bxa6 O-O 24. Bxc8 Rxc8 25. Ra7 Qe8 26. Rbb7 Rd8 27. Qc4
Bf6 28. Qc6 
1-0

[Event "Chess Attack-serien Eliteserien 2010-201"]
[Site "Haraldsheim, Oslo"]
[Date "2011.04.03"]
[Round "9"]
[White "Christenson, Flemming"]
[Black "Djurhuus, Rune"]
[Result "0-1"]
[WhiteElo "2269"]
[BlackElo "2433"]
[PlyCount "64"]
[EventDate "2010.??.??"]

1. d4 c5 2. c3 e6 3. Nf3 Nc6 4. e4 d5 5. exd5 exd5 6. Bb5 Bd6 7. dxc5 Bxc5 8.
O-O Nge7 9. Nbd2 O-O 10. Nb3 Bd6 11. h3 Bc7 12. Nbd4 Qd6 13. Re1 Nxd4 14. Qxd4
Nf5 15. Qa4 h6 16. Bd3 Bd7 17. Qc2 Qf6 18. Be3 Nxe3 19. Rxe3 Bb6 20. Re5 Bxh3
21. Rxd5 Be6 22. Re5 Rad8 23. Rae1 Bc7 24. R5e3 Bf4 25. R3e2 Bd5 26. Nd2 Bxd2
27. Rxd2 Qg5 28. Bf1 Bxg2 29. f4 Qh4 30. Rxd8 Rxd8 31. Qxg2 Qxe1 32. Qxb7 Qe3+
0-1

[Event "Chess Attack-serien Eliteserien 2010-201"]
[Site "Haraldsheim, Oslo"]
[Date "2011.04.03"]
[Round "9"]
[White "Hole, Øystein"]
[Black "Tjomsland, Stig"]
[Result "1/2-1/2"]
[WhiteElo "2350"]
[BlackElo "2325"]
[PlyCount "85"]
[EventDate "2010.??.??"]

1. Nf3 d5 2. d4 e6 3. c4 c6 4. Qc2 Nf6 5. Bg5 Nbd7 6. e3 Qa5+ 7. Nbd2 Ne4 8.
Bf4 Bb4 9. Bd3 e5 10. Bxe5 Nxd2 11. Nxd2 Nxe5 12. dxe5 dxc4 13. Bxc4 Bg4 14. f3
Rd8 15. O-O-O Bd7 16. Ne4 Qxe5 17. Qb3 Be7 18. Bxf7+ Kf8 19. Rd4 Bc8 20. Rxd8+
Bxd8 21. Bc4 b5 22. Qd3 Bb6 23. Bb3 Bf5 24. g4 Bg6 25. Rd1 h5 26. g5 Bf5 27.
Kb1 Ke7 28. Qc2 Rc8 29. Ka1 a5 30. a4 Kf8 31. Rd3 h4 32. Qd1 Rb8 33. axb5 Bc7
34. Rd7 Rxb5 35. Rf7+ Ke8 36. Rxc7 Qxc7 37. Nd6+ Ke7 38. Nxb5 cxb5 39. e4 Bd7
40. Qd2 Qc5 41. Qxa5 Qxg5 42. Qc7 Qe3 43. Qe5+ 1/2-1/2

[Event "Chess Attack-serien Eliteserien 2010-201"]
[Site "Haraldsheim, Oslo"]
[Date "2011.04.03"]
[Round "9"]
[White "Solem, Trond"]
[Black "Skrondal, Inge Sandstad"]
[Result "1-0"]
[WhiteElo "2115"]
[BlackElo "2252"]
[PlyCount "119"]
[EventDate "2010.??.??"]

1. Nf3 c5 2. c4 g6 3. g3 Bg7 4. d4 cxd4 5. Nxd4 Nc6 6. Nc2 Qa5+ 7. Bd2 Qc5 8.
Nc3 Qxc4 9. Ne3 Qc5 10. Ned5 Be5 11. f4 Bb8 12. Be3 Qa5 13. Rb1 Qd8 14. b4 e6
15. Bd4 f6 16. Bg2 Kf7 17. Ne3 Nge7 18. Bxf6 Kxf6 19. Ne4+ Kg7 20. b5 d5 21.
bxc6 Nxc6 22. Ng5 Bd6 23. Rxb7+ Be7 24. Qa1+ Kg8 25. Qxh8+ Kxh8 26. Nf7+ Kg7
27. Nxd8 Bxb7 28. Nxe6+ Kf6 29. Bxd5 Na5 30. Ng4+ Kf5 31. Nh6+ Kf6 32. Ng4+ Kf5
33. Ne3+ Kf6 34. Bxb7 Nxb7 35. Nc7 Rc8 36. Kf2 Bc5 37. Ncd5+ Ke6 38. Kf3 Nd6
39. Rd1 Nb5 40. Rd2 Rc6 41. Nc2 Ra6 42. Ndb4 Rb6 43. Nd3 Be7 44. e3 Ra6 45.
Ndb4 Ra4 46. Nc6 Bc5 47. g4 Nc3 48. Rd3 Nxa2 49. e4 Nb4 50. f5+ gxf5 51. gxf5+
Kf6 52. N6xb4 Bxb4 53. Rd4 a5 54. Nxb4 axb4 55. Kf4 Ra2 56. e5+ Ke7 57. Rxb4
Rxh2 58. Rb7+ Ke8 59. e6 Rh1 60. Ke4 1-0

[Event "Chess Attack-serien Eliteserien 2010-201"]
[Site "Haraldsheim, Oslo"]
[Date "2011.04.03"]
[Round "9"]
[White "Andersen, Alf Roger"]
[Black "Thanke, Bror"]
[Result "1/2-1/2"]
[WhiteElo "2229"]
[BlackElo "2076"]
[PlyCount "165"]
[EventDate "2010.??.??"]

1. e4 c5 2. Nf3 d6 3. d4 cxd4 4. Nxd4 Nf6 5. Nc3 g6 6. Be3 Bg7 7. f3 O-O 8. Qd2
Nc6 9. Bc4 Bd7 10. O-O-O Rc8 11. Bb3 Na5 12. Kb1 Nc4 13. Bxc4 Rxc4 14. h4 h5
15. Nd5 Nxd5 16. exd5 Ra4 17. Nb3 Bf5 18. Bd4 Qc8 19. Bxg7 Kxg7 20. Nd4 Kh7 21.
Nxf5 Qxf5 22. b3 Rf4 23. Qe3 Rc8 24. Rd3 Qf6 25. g3 Rf5 26. f4 Rc5 27. Qe4 Kg7
28. Re1 b5 29. Ree3 a5 30. c4 bxc4 31. bxc4 Rc7 32. Qd4 Rb7+ 33. Kc2 Qxd4 34.
Rxd4 Kf6 35. Ra3 Ra7 36. Rb3 e5 37. dxe6 Kxe6 38. Re3+ Kd7 39. Red3 Ra6 40. Rb3
Kc6 41. Rb8 Ra7 42. Kd3 Rd7 43. a4 d5 44. c5 Rb7 45. Rc8+ Kd7 46. Ra8 Rb3+ 47.
Kc2 Rxg3 48. Rxa5 Kc6 49. Rb4 d4 50. Ra6+ Kd5 51. Rd6+ Kxc5 52. Rdxd4 Kc6 53.
Kd2 Rd5 54. Ke2 Rxd4 55. Rxd4 Rg4 56. Ke3 Rxh4 57. Re4 Kd6 58. Rb4 Rh3+ 59. Kd4
Ra3 60. Rb6+ Ke7 61. Ra6 h4 62. Ke5 Re3+ 63. Kd4 Re1 64. f5 g5 65. f6+ Kd7 66.
Ra7+ Kd6 67. Rxf7 Rd1+ 68. Ke4 Ke6 69. Rf8 Ra1 70. Ra8 Kxf6 71. Ra6+ Ke7 72.
Kf5 Rg1 73. Rh6 Kd7 74. a5 Kc7 75. a6 Kb8 76. Rh7 Rg3 77. a7+ Ka8 78. Ke5 h3
79. Kd5 g4 80. Kc6 Rc3+ 81. Kb6 Rb3+ 82. Ka6 Ra3+ 83. Kb6 1/2-1/2

[Event "Chess Attack-serien Eliteserien 2010-201"]
[Site "Haraldsheim, Oslo"]
[Date "2011.04.03"]
[Round "9"]
[White "Sørgjerd, Jan"]
[Black "Thorstensen, Trond"]
[Result "1/2-1/2"]
[WhiteElo "1972"]
[BlackElo "2200"]
[PlyCount "123"]
[EventDate "2010.??.??"]

1. d4 f5 2. Nf3 Nf6 3. c4 e6 4. g3 b6 5. Bg2 Bb7 6. O-O Be7 7. Nc3 O-O 8. Qc2
Qe8 9. d5 Na6 10. Rd1 Bc5 11. a3 Ng4 12. Rf1 exd5 13. cxd5 Ne5 14. b4 Nxf3+ 15.
Bxf3 Bd4 16. Bf4 Be5 17. Bxe5 Qxe5 18. Qb3 Kh8 19. Rac1 c5 20. Rfd1 d6 21. Nb5
Bc8 22. Qc4 Rf7 23. Rd3 f4 24. Nd4 Nc7 25. Nc6 Qg5 26. Rdd1 Bh3 27. bxc5 bxc5
28. Rb1 h5 29. Rb3 h4 30. Bg2 Bxg2 31. Kxg2 Raf8 32. Rf3 fxg3 33. hxg3 Rxf3 34.
exf3 h3+ 35. Kg1 Rxf3 36. Nxa7 h2+ 37. Kg2 Qf6 38. Qe2 Rxa3 39. Nc8 Ra1 40.
Rxa1 Qxa1 41. Kxh2 Qf6 42. Kg2 Kg8 43. Nb6 Qf5 44. f3 Nxd5 45. Qc4 Qc2+ 46. Kg1
Qxc4 47. Nxc4 Kf7 48. Nxd6+ Ke6 49. Ne4 c4 50. Nd2 c3 51. Nb3 Nb4 52. Kf2 Kd5
53. Ke3 Kc4 54. Nc1 Nd5+ 55. Ke2 g5 56. f4 g4 57. f5 Kd4 58. Na2 Ke5 59. Kd3
Kxf5 60. Kd4 Ke6 61. Nxc3 Nxc3 62. Ke3 1/2-1/2

[Event "Chess Attack-serien Eliteserien 2010-2011"]
[Site "Haraldsheim, Oslo"]
[Date "2011.04.03"]
[Round "9"]
[White "Tisdall, Jonathan"]
[Black "Byklum, Bjørnar"]
[Result "1/2-1/2"]
[WhiteElo "2399"]
[BlackElo "2280"]
[PlyCount "71"]
[EventDate "2010.??.??"]

1. Nf3 g6 2. d4 d6 3. e4 Bg7 4. h3 Nf6 5. Nc3 O-O 6. Be3 a6 7. a4 b6 8. Bc4 e6
9. e5 dxe5 10. Nxe5 Bb7 11. O-O Nc6 12. Nxc6 Bxc6 13. Qe2 Qc8 14. Bf4 Qb7 15.
f3 Nd5 16. Be5 Nxc3 17. bxc3 Bxe5 18. Qxe5 Bd5 19. Bd3 Qc6 20. Ra3 b5 21. Rb1
Qd6 22. Qxd6 cxd6 23. axb5 axb5 24. Rxa8 Rxa8 25. Rxb5 Rc8 26. Rb6 Rxc3 27.
Rxd6 Bb3 28. Bxg6 hxg6 29. cxb3 Rxb3 30. Rd8+ Kg7 31. h4 Rd3 32. Kf2 Rd2+ 33.
Kg3 Kf6 34. Rd7 Kg7 35. Kh3 Kf8 36. h5 
1/2-1/2

[Event "Chess Attack-serien Eliteserien 2010-2011"]
[Site "Haraldsheim, Oslo"]
[Date "2011.04.03"]
[Round "9"]
[White "Harestad, Hans K"]
[Black "Sahl, Bjarke"]
[Result "0-1"]
[WhiteElo "2253"]
[BlackElo "2345"]
[PlyCount "92"]
[EventDate "2010.??.??"]

1. d4 d5 2. c4 e6 3. Nf3 Nf6 4. g3 c5 5. cxd5 Nxd5 6. Nc3 cxd4 7. Nxd5 Qxd5 8.
Qxd4 Qh5 9. Bg2 Nc6 10. Qa4 Bb4+ 11. Bd2 Bxd2+ 12. Nxd2 O-O 13. Nf3 e5 14. O-O
Bg4 15. Qb5 e4 16. Qxh5 Bxh5 17. Nd2 f5 18. f3 Rad8 19. Nb3 e3 20. f4 Rfe8 21.
Bf3 Bxf3 22. Rxf3 Nd4 23. Nxd4 Rxd4 24. Rb1 Rd2 25. Kf1 b5 26. a3 a5 27. Rc1
Rxb2 28. Rc3 Rb1+ 29. Kg2 Re1 30. Rfxe3 Rxe2+ 31. Rxe2 Rxe2+ 32. Kf3 Rb2 33.
Ke3 Rxh2 34. Rc8+ Kf7 35. Rc7+ Kg6 36. Rc6+ Kh5 37. Rc5 Kg4 38. Rxb5 Rg2 39.
Rxa5 Rxg3+ 40. Kf2 Rf3+ 41. Kg2 Rxf4 42. Ra7 g5 43. Rxh7 Rc4 44. Rb7 Rc2+ 45.
Kf1 Ra2 46. Rb3 f4 
0-1

[Event "Chess Attack-serien Eliteserien 2010-2011"]
[Site "Haraldsheim, Oslo"]
[Date "2011.04.03"]
[Round "9"]
[White "Ekeberg, Carl Fr."]
[Black "Astrup, Kim Chr."]
[Result "1-0"]
[WhiteElo "2240"]
[BlackElo "2236"]
[PlyCount "80"]
[EventDate "2010.??.??"]

1. d4 d6 2. Nf3 g6 3. g3 Bg7 4. Bg2 f5 5. O-O Nf6 6. b3 O-O 7. Bb2 Na6 8. c4
Rb8 9. Nbd2 b5 10. Rb1 bxc4 11. bxc4 c5 12. d5 Qa5 13. a3 Bd7 14. Qc2 Nc7 15.
Bc3 Qa6 16. Rb2 Na8 17. Rfb1 Nb6 18. Qd3 Rbd8 19. Rb3 Bh6 20. Bf1 e5 21. dxe6
Bxe6 22. Rb5 Ne4 23. Ba1 d5 24. Qc2 Qa4 25. Qxa4 Nxa4 26. cxd5 Rxd5 27. Nxe4
fxe4 28. Ne5 Bg7 29. Ra5 Bxe5 30. Bxe5 Rxe5 31. Rxa4 Rf7 32. e3 Bg4 33. Bc4 Be6
34. Bxe6 Rxe6 35. Rc1 Rc7 36. Rac4 Re5 37. Ra4 Kf7 38. Rcc4 Ke6 39. Rc3 Kd5 40.
Rac4 Re8 
1-0

[Event "Chess Attack-serien Eliteserien 2010-2011"]
[Site "Haraldsheim, Oslo"]
[Date "2011.04.03"]
[Round "9"]
[White "Aulin-Jansson, Jøran"]
[Black "Johansen, Terje"]
[Result "1/2-1/2"]
[WhiteElo "2131"]
[BlackElo "2193"]
[PlyCount "73"]
[EventDate "2010.??.??"]

1. d4 d5 2. Nf3 c6 3. c4 e6 4. Qc2 f5 5. Bf4 Nf6 6. e3 Be7 7. Bd3 O-O 8. cxd5
Nxd5 9. O-O Nb4 10. Qb3 Nxd3 11. Qxd3 Nd7 12. Nc3 g5 13. Be5 g4 14. Ne1 Nxe5
15. dxe5 Qa5 16. f4 Rd8 17. Qe2 b5 18. Rf2 b4 19. Nd1 Ba6 20. Qc2 Qd5 21. e4
Qxe4 22. Qxe4 fxe4 23. Ne3 Bc5 24. Nxg4 Bxf2+ 25. Kxf2 Rd2+ 26. Kg3 Kf7 27. Rc1
Bb5 28. Nc2 Rg8 29. Kh3 h5 30. Nh6+ Kf8 31. Nxg8 Kxg8 32. g4 hxg4+ 33. Kxg4
Rg2+ 34. Kh3 Rd2 35. Kg4 Rg2+ 36. Kh3 Rd2 37. Kg4 
1/2-1/2

[Event "Chess Attack-serien Eliteserien 2010-201"]
[Site "Haraldsheim, Oslo"]
[Date "2011.04.03"]
[Round "9"]
[White "Gullaksen, Eirik"]
[Black "Lie, Espen"]
[Result "0-1"]
[WhiteElo "2315"]
[BlackElo "2441"]
[PlyCount "90"]
[EventDate "2010.??.??"]

1. e4 Nf6 2. e5 Nd5 3. d4 d6 4. c4 Nb6 5. exd6 exd6 6. Nc3 Be7 7. Be2 O-O 8.
Nf3 Re8 9. O-O Bf6 10. b3 Bf5 11. Be3 c6 12. Qd2 d5 13. c5 N6d7 14. b4 Nf8 15.
b5 Ne6 16. a4 Nd7 17. Rfd1 g5 18. Qc1 g4 19. Ne1 Qa5 20. Ra3 Ndxc5 21. dxc5 d4
22. Bd2 dxc3 23. Bxc3 Bxc3 24. Rxc3 Rad8 25. Rc4 Rxd1 26. Qxd1 Rd8 27. Qc1 Rd4
28. Rxd4 Nxd4 29. Bf1 Qxa4 30. Qg5+ Bg6 31. Qxg4 cxb5 32. Qc8+ Kg7 33. Qxb7 Qd1
34. Qe7 Ne6 35. Nf3 Bd3 36. Nd2 Qxd2 37. Qd6 Nf4 38. Qd4+ Kg6 39. h4 Qc1 40.
Kh2 Bxf1 41. Qd6+ Ne6 42. c6 b4 43. Qxb4 Qf4+ 44. Qxf4 Nxf4 45. c7 Ba6 0-1

[Event "Chess Attack-serien Eliteserien 2010-201"]
[Site "Haraldsheim, Oslo"]
[Date "2011.04.03"]
[Round "9"]
[White "Østmoe, Geir Sune Tallaksen"]
[Black "Stigar, Petter"]
[Result "1-0"]
[WhiteElo "2402"]
[BlackElo "2325"]
[PlyCount "97"]
[EventDate "2010.??.??"]

1. Nf3 c5 2. c4 g6 3. e4 Nc6 4. d4 cxd4 5. Nxd4 Bg7 6. Be3 Nf6 7. Nc3 O-O 8.
Be2 d6 9. O-O Nxd4 10. Bxd4 Bd7 11. Qd2 Bc6 12. f3 a5 13. b3 Nd7 14. Be3 Nc5
15. Rab1 e6 16. Bd1 Qe7 17. a3 Rfc8 18. Ne2 b5 19. Nd4 bxc4 20. Nxc6 Rxc6 21.
bxc4 Qc7 22. Be2 a4 23. Rb5 Nb3 24. Qd3 Bb2 25. f4 Bxa3 26. f5 Bc5 27. fxe6
fxe6 28. Bg4 Qe7 29. e5 Rd8 30. exd6 Rcxd6 31. Bxc5 Nxc5 32. Qe3 Rc6 33. h4 e5
34. h5 e4 35. h6 Qe5 36. Kh1 Qe7 37. Bh3 Rf8 38. Rxf8+ Qxf8 39. Kg1 Qd6 40. Qc3
Qd1+ 41. Kh2 Qd6+ 42. g3 Qf6 43. Qxf6 Rxf6 44. Rxc5 Ra6 45. Rb5 a3 46. Rb1 g5
47. Bf5 e3 48. Kg2 Rxh6 49. Kf3 1-0

[Event "Chess Attack-serien Eliteserien 2010-201"]
[Site "Haraldsheim, Oslo"]
[Date "2011.04.03"]
[Round "9"]
[White "Gabrielsen, Stig"]
[Black "Lahlum, Hans O"]
[Result "1-0"]
[WhiteElo "2271"]
[BlackElo "2211"]
[PlyCount "93"]
[EventDate "2010.??.??"]

1. e4 e6 2. d4 d5 3. Nc3 Bb4 4. e5 c5 5. a3 Bxc3+ 6. bxc3 Ne7 7. Qg4 O-O 8. Bd3
f5 9. exf6 Rxf6 10. Bg5 Rf7 11. Qh5 g6 12. Qd1 Qa5 13. Bd2 Nbc6 14. Nf3 Qc7 15.
dxc5 e5 16. Be2 Bg4 17. O-O Re8 18. Bg5 e4 19. Nd4 Bxe2 20. Qxe2 Ne5 21. Be3 a6
22. Rab1 N7c6 23. Nxc6 Qxc6 24. Rb6 Qc8 25. Rd6 Rd8 26. Rxd8+ Qxd8 27. Rd1 Rd7
28. a4 Nc4 29. Qg4 Qe7 30. Bd4 Rd8 31. h3 Qd7 32. Qg5 Rf8 33. Rb1 Rf7 34. h4
Rf5 35. Qg3 Na5 36. Qb8+ Rf8 37. Qe5 Kf7 38. Rb6 Nc6 39. Qg7+ Ke8 40. Qxd7+
Kxd7 41. Rxb7+ Ke6 42. Rxh7 Rb8 43. Rh6 Kf5 44. h5 Ne7 45. Rh7 Rb7 46. Rf7+ Kg4
47. Kh2 1-0